Turbulent combustion / (Record no. 62195)

000 -LEADER
fixed length control field 01360cam a22003374a 4500
001 - CONTROL NUMBER
control field 11864860
003 - CONTROL NUMBER IDENTIFIER
control field NUST-PNEC
005 - DATE AND TIME OF LATEST TRANSACTION
control field 20170116180741.0
008 - FIXED-LENGTH DATA ELEMENTS--GENERAL INFORMATION
fixed length control field 991210s2000 enka b 000 0 eng
010 ## - LIBRARY OF CONGRESS CONTROL NUMBER
LC control number 99089451
020 ## - INTERNATIONAL STANDARD BOOK NUMBER
International Standard Book Number 0521660823
020 ## - INTERNATIONAL STANDARD BOOK NUMBER
International Standard Book Number 9780521660822
040 ## - CATALOGING SOURCE
Original cataloging agency DLC
Transcribing agency PNEC
Modifying agency DLC
042 ## - AUTHENTICATION CODE
Authentication code pcc
050 00 - LIBRARY OF CONGRESS CALL NUMBER
Classification number TJ254.5
Item number .P48 2000
082 00 - DEWEY DECIMAL CLASSIFICATION NUMBER
Classification number 621.4023 PET
Edition number 21
100 1# - MAIN ENTRY--PERSONAL NAME
Personal name Peters, Norbert.
245 10 - TITLE STATEMENT
Title Turbulent combustion /
Statement of responsibility, etc. Norbert Peters.
260 ## - PUBLICATION, DISTRIBUTION, ETC.
Place of publication, distribution, etc. Cambridge, [England] ;
-- New York :
Name of publisher, distributor, etc. Cambridge University Press,
Date of publication, distribution, etc. 2000.
300 ## - PHYSICAL DESCRIPTION
Extent xvi, 304 p. :
Other physical details ill. ;
Dimensions 24 cm.
440 #0 - SERIES STATEMENT/ADDED ENTRY--TITLE
Title Cambridge monographs on mechanics
504 ## - BIBLIOGRAPHY, ETC. NOTE
Bibliography, etc. note Includes bibliographical references (p. 267-293) and indexes.
650 #0 - SUBJECT ADDED ENTRY--TOPICAL TERM
Topical term or geographic name entry element Combustion engineering.
650 #0 - SUBJECT ADDED ENTRY--TOPICAL TERM
Topical term or geographic name entry element Turbulence.
General subdivision ME
856 41 - ELECTRONIC LOCATION AND ACCESS
Uniform Resource Identifier <a href="http://www.amazon.com/Turbulent-Combustion-Cambridge-Monographs-Mechanics/dp/0521660823/ref=sr_1_1?s=books&ie=UTF8&qid=1418718710&sr=1-1&keywords=9780521660822">http://www.amazon.com/Turbulent-Combustion-Cambridge-Monographs-Mechanics/dp/0521660823/ref=sr_1_1?s=books&ie=UTF8&qid=1418718710&sr=1-1&keywords=9780521660822</a>
856 41 - ELECTRONIC LOCATION AND ACCESS
Materials specified Table of contents
856 42 - ELECTRONIC LOCATION AND ACCESS
Materials specified Publisher description
906 ## - LOCAL DATA ELEMENT F, LDF (RLIN)
a 7
b cbc
c orignew
d 1
e ocip
f 19
g y-gencatlg
942 ## - ADDED ENTRY ELEMENTS (KOHA)
Source of classification or shelving scheme
Koha item type Book
Holdings
Withdrawn status Lost status Source of classification or shelving scheme Damaged status Not for loan Permanent Location Current Location Shelving location Date acquired Source of acquisition Cost, normal purchase price Total Checkouts Full call number Barcode Date last seen Cost, replacement price Price effective from Koha item type
          Pakistan Navy Engineering College (PNEC) Pakistan Navy Engineering College (PNEC) Reference 07/15/2014 ZS Dictionary Shop / NUST Recurring A/c 19104.00   621.4023 PET PNECLIB-031939 12/16/2014 19104.00 07/15/2014 Book
© 2023 Central Library, National University of Sciences and Technology. All Rights Reserved.